000 00497nam a2200169Ia 4500
003 GCL
008 140319s9999 xx 000 0 eng d
040 _aGCL /
_cGCL
082 0 4 _a621.31924
_bJ S
100 1 _aJOHANSON, RALPH EDGAR
245 1 0 _aSUCCESSFUL BUSINESS OPERATIONS FOR ELECTRICAL CONTRACTORS /
_cJOHANSON, RALPH EDGAR
700 1 _aWHITSON, GENE
260 _a[S.N] :
_bMC GRAW - HILL ،
_c1993
300 _a370 P
650 0 4 _aELECTRIC CONTRACTING, MANAGEMENT
942 _2ddc
_cBK
999 _c21366
_d21366